000 00868cab a2200241 4500
001 WB3405-17
008 090401t1998 xxu||||| |||| 00| 0 eng d
035 _a(Sirsi) u83518
041 _aeng
245 _a`Sequential test` to be set for housing
260 _c1998
350 _a0
490 _aPlanning (for the Natural and Built Environment)
_v(1253) 30 January 1998, 1(1)
520 _aGovernment is to propose `sequential testing` for housing sites, that would require housebuilders to demonstrate to councils that all brownfield sites have been exhausted before putting forward proposals for greenfield development.
650 _aBROWNFIELD SITES
650 _aGREENFIELD SITES
650 _aHOUSE BUILDING
650 _aHOUSING DEVELOPMENT
650 _aSEQUENTIAL TESTING
690 _aHOUSING-DEVELOPMENT
942 _n0
948 _c04/02/1998
999 _c52749
_d52749